Pohyb obyvatelstva Česka a Slovenska na úrovni obcí v období 1996-2015 pohledem Webbova diagramu
Analýza pohybu obyvateľstva na nižších regionálnych úrovniach s použitím Webbovho diagramu. Grafická metóda, ktorá znázorňuje vzťah hodnôt prirodzeného a migračného prírastku, resp. úbytku. Populačný vývoj v Česku a na Slovensku v rokoch 1996-2015. Webbova typológia populačného vývoja v regiónoch,...
Gespeichert in:
| 1. Verfasser: | |
|---|---|
| Weitere Verfasser: | , |
| Format: | Buchkapitel |
| Sprache: | Tschechisch |
| Schlagworte: | |
| Tags: |
Keine Tags, Fügen Sie das erste Tag hinzu!
|
MARC
| LEADER | 00000naa a2200000 4500 | ||
|---|---|---|---|
| 001 | 0254305 | ||
| 005 | 20190527144241.5 | ||
| 041 | 0 | |a cze | |
| 044 | |a CZ | ||
| 245 | 1 | 0 | |a Pohyb obyvatelstva Česka a Slovenska na úrovni obcí v období 1996-2015 pohledem Webbova diagramu |c Jana Křesťanová, Luděk Šídlo, Branislav Šprocha |
| 520 | |a Analýza pohybu obyvateľstva na nižších regionálnych úrovniach s použitím Webbovho diagramu. Grafická metóda, ktorá znázorňuje vzťah hodnôt prirodzeného a migračného prírastku, resp. úbytku. Populačný vývoj v Česku a na Slovensku v rokoch 1996-2015. Webbova typológia populačného vývoja v regiónoch, Česko a Slovensko, 1996-2000, 2001-2005, 2006-2010, 2011-2015. Vážené priemerné hodnoty ukazovateľov pohybu obyvateľstva. | ||
| 610 | 2 | 0 | |a obyvateľstvo |
| 610 | 2 | 0 | |a pohyb obyvateľstva |
| 610 | 2 | 0 | |a migrácia |
| 610 | 2 | 0 | |a regióny |
| 610 | 2 | 0 | |a štatistika |
| 610 | 2 | 0 | |a obce |
| 610 | 2 | 0 | |a Česko |
| 610 | 2 | 0 | |a Slovensko |
| 100 | 1 | |a Křesťanová, Jana | |
| 700 | 1 | |a Šídlo, Luděk | |
| 700 | 1 | |a Šprocha, Branislav | |